World Business Desk Reference How to Do Business with 192 Countries by Phone, Fax, and Mail
Saved in:
| Main Author: | |
|---|---|
| Other Authors: | |
| Format: | Book |
| Language: | English |
| Published: |
Burr Ridge
IRWIN
1994
|
| Edition: | 1. ed. |
| Subjects: | |
| Tags: |
No Tags, Be the first to tag this record!
|
MARC
| LEADER | 00000nam a2200000 4500 | ||
|---|---|---|---|
| 001 | c014268 | ||
| 005 | 20221205141222.3 | ||
| 020 | |a 1-55623-934-3 | ||
| 041 | 0 | |a eng | |
| 044 | |a US | ||
| 245 | 1 | 0 | |a World Business Desk Reference |b How to Do Business with 192 Countries by Phone, Fax, and Mail |c Alice A. Gelder, Rudy Yuly |
| 250 | |a 1. ed. | ||
| 264 | 1 | |a Burr Ridge |b IRWIN |c 1994 | |
| 300 | |a 440 s. | ||
| 610 | 2 | 0 | |a obchod svetový |
| 610 | 2 | 0 | |a podnikanie |
| 610 | 2 | 0 | |a podnikanie medzinárodné |
| 610 | 2 | 0 | |a svet |
| 610 | 2 | 0 | |a telefón |
| 610 | 2 | 0 | |a pošty |
| 610 | 2 | 0 | |a komunikácia |
| 100 | 1 | |a Gelder, Alice A. | |
| 700 | 1 | |a Yuly, Rudy | |